Most Capped International Footballers for Wales - Statistics

General Stats
  • This quiz has been taken 42 times
  • The average score is 10 of 22
Answer Stats
# Caps Years Answer % Correct
1 111 2006-2022 Gareth Bale
97%
13 73 1980-1996 Ian Rush
79%
20 64 1991-2007 Ryan Giggs
79%
6 86 2008- Aaron Ramsey
76%
6 86 2008-2019 Ashley Williams
68%
9 78 1998-2013 Craig Bellamy
58%
8 85 1990-2004 Gary Speed
58%
2 109 2007-2023 Wayne Hennessey
58%
15 72 1975-1986 Joey Jones
55%
4 96 2012- Ben Davies
53%
15 72 1984-1999 Mark Hughes
50%
10 77 2009- Joe Allen
47%
5 92 1982-1997 Neville Southall
42%
12 75 1986-2001 Dean Saunders
34%
2 109 2007-2022 Chris Gunter
32%
10 77 2005-2018 Joe Ledley
32%
22 63 2018- Connor Roberts
21%
20 64 2008-2019 Sam Vokes
11%
19 65 1989-2004 Andrew Melville
8%
18 66 1975-1984 Bryan Flynn
8%
17 68 1951-1966 Ivor Allchurch
5%
13 73 1979-1992 Peter Nicholas
3%
No matching quizzes found
Score Distribution
Percent of People with Each Score
Percentile by Number Answered
Your Score History
You have not taken this quiz